<?xml version="1.0" encoding="UTF-8"?>
<marc:record xmlns:marc="http://www.loc.gov/MARC21/slim">
   <marc:leader>00000nam a2200000 a 4500</marc:leader>
   <marc:datafield ind1="1" ind2=" " tag="100">
      <marc:subfield code="a">Ludwig &lt;Frankreich, König, XIII.&gt;</marc:subfield>
   </marc:datafield>
   <marc:datafield ind1="0" ind2="0" tag="245">
      <marc:subfield code="a">Cuius Elenchum, pagina octava exhibet</marc:subfield>
   </marc:datafield>
   <marc:datafield ind1=" " ind2="1" tag="264">
      <marc:subfield code="c">1621</marc:subfield>
   </marc:datafield>
   <marc:datafield ind1=" " ind2=" " tag="250">
      <marc:subfield code="a">Ab Autore Ipso Nova Hac Editione diligenter recognita, &amp; infinitis locis auctiora, nunc primum coniunctim edita</marc:subfield>
   </marc:datafield>
   <marc:datafield ind1="1" ind2=" " tag="520">
      <marc:subfield code="a">Vermerk am Titelbl.: Loci Capuccinoru[m] Wolfspergae [gestrichen Capuccinorum Graecii] ; Druckermarke am Titelbl. http://zentralbibliothek.kapuziner.at/kupferstiche/provinzbibliothek/provinzbibliothek_2696.jpg, Verzierungen, Zierkupferstiche und ill. Initialen im Text; brauner Ledereinband auf Buchdeckeln aus Holz, Bettelordenseinband mit dreifachen Streicheisenlinien, Rollenstempeln (Spruchbänder), fleuralen Einzelementen (Eicheln) und Deckelvignetten (überkreuzte, stigmatisierte Arme, darüber Heiliger Geist in Form einer Taube und Schriftzug "FR[ATRU]M MINORVM CAPVCINORVM" auf vorderem Buchdeckel; Stigmatisierung des hl. Franz von Assisi mit Beischrift "Sanct Franciscvs" hinterer Buchdeckel), Buchrücken mit 5 Bünden, Aufschrift "Bosquier || Tom. II. || Operu[m] O[m]nium" und Signaturschilder "Fi" "3.", 2 Knopfschließen aus Messing mit Lederscharnieren, rot-blau gesprenkelte Schnittkante.</marc:subfield>
   </marc:datafield>
   <marc:datafield ind1=" " ind2=" " tag="500">
      <marc:subfield code="a">Titelbl. in Rot- und Schwarzdr. - Bibliogr. Nachweis: VD17 12:648680C</marc:subfield>
   </marc:datafield>
   <marc:datafield ind1="0" ind2=" " tag="490">
      <marc:subfield code="v">2.</marc:subfield>
   </marc:datafield>
   <marc:datafield ind1=" " ind2=" " tag="300">
      <marc:subfield code="a">[6] Bl., 1338 S., [2] Bl. : Ill.</marc:subfield>
   </marc:datafield>
</marc:record>
